Name the members of Red Velvet in age order - Statistics

General Stats
  • This quiz has been taken 90 times
  • The average score is 7 of 10
Answer Stats
Answer % Correct
Irene
98%
Joy
98%
Seulgi
96%
Wendy
96%
Yeri
96%
Kang Seul Gi
67%
Kim Ye Rim
44%
Park Soo Young
42%
Wendy Son
35%
Bae Ju Hyun
24%
No matching quizzes found
Score Distribution
Percent of People with Each Score
Percentile by Number Answered
Your Score History
You have not taken this quiz